000 00329nam a22001217a 4500
008 160423b xxu||||| |||| 00| 0 eng d
020 _a9781418073282
020 _a14180732888
041 _aeng
080 _a618.2
245 _aContemporary medical surgical nursing;
_cRick Daniels ; Laura Nosek; Leslie Nicoll;
942 _2udc
_cBK
999 _c1538
_d1538